| 000 | 00645cam a2200193 i 4500 | ||
|---|---|---|---|
| 005 | 20260222094813.0 | ||
| 008 | 250721s2014 jo gr 000 0 ara d | ||
| 082 | 1 | 4 |
_a411.4 _bع ر ا |
| 100 | 1 |
_aابو عراق، سعادة _eمؤلف. |
|
| 245 | 1 | 0 |
_aتعلم خط الرقعه / _cسعادة ابو عراق، سندس ابو عراق. |
| 264 | 3 | 1 |
_aعمان : _bوزارة الثقافة، _c2014. |
| 300 | _a219 صفحة. | ||
| 650 | 1 | 7 | _aالخطوط العربية. |
| 650 | 1 | 7 | _aالخط. |
| 650 | 1 | 7 | _aالتعلم. |
| 700 | 1 |
_aابو عراق،سندس _eمؤلف. |
|
| 942 |
_2ddc _cBK |
||
| 999 |
_c130841 _d130841 |
||